Statistiques concernant Films avec Benoît Magimel par image

Cliquez ici pour prendre le quiz!

Statistiques générales

  • Ce quiz a été pris 29 fois
  • Le résultat moyen est 5 sur 16

Statistiques - réponses

Réponse% Correct
La vie est un long fleuve tranquille
80%
Les Petits Mouchoirs
64%
La Pianiste
48%
Le roi danse
48%
Pacifiction : Tourment sur les Îles
40%
De son vivant
36%
Effroyables jardins
36%
Les Rivières Pourpres 2 : Les Anges de l'apocalypse
36%
Cloclo
28%
La fille coupée en deux
28%
Incroyable mais vrai
20%
Les Voleurs
20%
Une fille facile
12%
La Fille Seule
8%
Inju : la Bête dans l'ombre
0%
La Possibilité d'une île
0%

Distribution des résultats

Percentile par nombre de réponses

% des personnes avec chaque résultat

Votre développement - résultats

Vous n’avez pas pris ce quiz